<?xml version="1.0" encoding="UTF-8"?><?xml-stylesheet type="text/xsl" href="static/style.xsl"?><OAI-PMH xmlns="http://www.openarchives.org/OAI/2.0/" xmlns:xsi="http://www.w3.org/2001/XMLSchema-instance" xsi:schemaLocation="http://www.openarchives.org/OAI/2.0/ http://www.openarchives.org/OAI/2.0/OAI-PMH.xsd"><responseDate>2026-04-18T00:29:15Z</responseDate><request verb="GetRecord" identifier="oai:www.recercat.cat:2072/479784" metadataPrefix="marc">https://recercat.cat/oai/request</request><GetRecord><record><header><identifier>oai:recercat.cat:2072/479784</identifier><datestamp>2025-07-29T23:36:43Z</datestamp><setSpec>com_2072_98</setSpec><setSpec>col_2072_378192</setSpec></header><metadata><record xmlns="http://www.loc.gov/MARC21/slim" xmlns:dcterms="http://purl.org/dc/terms/" xmlns:xsi="http://www.w3.org/2001/XMLSchema-instance" xmlns:doc="http://www.lyncode.com/xoai" xsi:schemaLocation="http://www.loc.gov/MARC21/slim http://www.loc.gov/standards/marcxml/schema/MARC21slim.xsd">
   <leader>00925njm 22002777a 4500</leader>
   <datafield ind2=" " ind1=" " tag="042">
      <subfield code="a">dc</subfield>
   </datafield>
   <datafield ind2=" " ind1=" " tag="720">
      <subfield code="a">Tovena, Lucia M.</subfield>
      <subfield code="e">author</subfield>
   </datafield>
   <datafield ind2=" " ind1=" " tag="720">
      <subfield code="a">Fleury, Damien</subfield>
      <subfield code="e">author</subfield>
   </datafield>
   <datafield ind2=" " ind1=" " tag="260">
      <subfield code="c">2024</subfield>
   </datafield>
   <datafield ind2=" " ind1=" " tag="520">
      <subfield code="a">This paper is about the semantics of quality modal superlatives in predicative function, e.g. Italian È stata il più calma possibile ('She was the calmest possible'), with a focus on what is the anchoring of the modal superlative, and how what is being compared is restricted. The limitations of single-anchoring in individuals when analysing modal superlatives, following the strategy generally adopted for ordinary absolute and relative superlatives, are highlighted. The alternative of using a comparison class made of world+individual pairs grouped into equivalence classes defined through the amount of the gradable property (Tovena &amp; Fleury 2023), proves a better solution. New data on the stage-level vs. individual-level reading of the gradable adjective provide evidence supporting this form of anchoring. The stage-level reading, although predominant, is not the manifestation of the invariance of the individual being compared. Some stage-level interpretations favour selecting a plurality of individuals for comparison, with the difference that this plurality is determined across possible worlds, not in the actual world, in contrast to ordinary superlatives.</subfield>
   </datafield>
   <datafield tag="653" ind2=" " ind1=" ">
      <subfield code="a">Modal superlatives</subfield>
   </datafield>
   <datafield tag="653" ind2=" " ind1=" ">
      <subfield code="a">Stage level vs individual level</subfield>
   </datafield>
   <datafield tag="653" ind2=" " ind1=" ">
      <subfield code="a">Comparison class</subfield>
   </datafield>
   <datafield tag="653" ind2=" " ind1=" ">
      <subfield code="a">Semantics</subfield>
   </datafield>
   <datafield tag="653" ind2=" " ind1=" ">
      <subfield code="a">Pragmatics</subfield>
   </datafield>
   <datafield ind2="0" ind1="0" tag="245">
      <subfield code="a">The anchor of a modal superlative and the individual vs stage level reading of the adjective</subfield>
   </datafield>
</record></metadata></record></GetRecord></OAI-PMH>